Statistics for Qatar City Quiz

Click here to take the quiz!

General Stats

  • This quiz has been taken 5 times
  • The average score is 3 of 7

Answer Stats

City% Correct
Doha
100%
Al Khor
40%
Al Rayyan
40%
Al Wakrah
40%
Al Daayen/Al Kheesa
20%
Al Wukair
20%
Umm Salal Mohammed
20%

Score Distribution

Percentile by Number Answered

Percent of People with Each Score

Your Score History

You have not taken this quiz